000 00597nam a2200217Ia 4500
005 20250326144418.0
008 250326s9999 xx 000 0 und d
020 _a9 78047080 7040
037 _aTextbook
040 _aFMSL
_beng
_cFMSL
041 _aeng
_2eng
084 _aX:74 P6
_qFMSL
100 _aGraetz F
_9748581
245 0 _aManaging organisational change
_cGraetz F; Rimmer M And Others
250 _a2
260 _aAustralia
_bAustralia, John Wiley
_c2006
300 _a412p
365 _b4748.2330000000002
942 _cTB
_hX:74 P6
999 _c1303610
_d1303610